| 000 | 00545nam a2200181 4500 | ||
|---|---|---|---|
| 001 | 116705 | ||
| 003 | ES-MaACL | ||
| 007 | t| | ||
| 008 | 061121s1942 ag r ||||1| spa d | ||
| 100 | 1 |
_aPascali, Justo. _989318 |
|
| 245 | 1 | 0 |
_aGeometría proyectiva / _cpor el prof. ing. Justo Pascali. |
| 250 | _a2ª ed. | ||
| 260 |
_aBuenos Aires : _bCentro de Estudiantes de Ingeniería, _c1942. |
||
| 300 |
_a2 v. : _bil ; _c27 cm. |
||
| 505 | 8 | _aContiene : Ejercicios | |
| 700 | 1 |
_aOrtiz, Ricardo M. _987573 |
|
| 852 |
_aES-MaACL _jB-798-99 _bR.23669 |
||
| 999 |
_c116705 _d116705 |
||